[Event "ICS rated standard match"]
[Site "204.178.125.65"]
[Date "2001.07.09"]
[Round "?"]
[White "Hossa"]
[Black "waitzkin"]
[Result "0-1"]
[WhiteElo "2255"]
[BlackElo "2205"]
[PlyCount "124"]
[EventDate "2001.??.??"]

1. e4 d6 2. d4 Nf6 3. Nc3 g6 4. g3 Bg7 5. Bg2 O-O 6. Nge2 e5 7. O-O exd4 8.
Nxd4 Bg4 9. f3 Bd7 10. Bg5 h6 11. Be3 Na6 12. Qd2 Kh7 13. Ndb5 Qe7 14. Nxa7 c6
15. Rfd1 d5 16. Bb6 Qb4 17. Bf2 dxe4 18. fxe4 Bg4 19. Rdb1 Rfd8 20. Qf4 Be6 21.
a3 Qa5 22. Rf1 Ng4 23. Bh3 Nxf2 24. Bxe6 fxe6 25. Rxf2 Rxa7 26. Raf1 b6 27. Qg4
Bd4 28. Kh1 Bxf2 29. Rxf2 Qe5 30. Qe2 Nc5 31. Rf1 Na4 32. Nxa4 Rxa4 33. c4 Qd4
34. Qf3 Ra7 35. Qe2 Qd3 36. Qxd3 Rxd3 37. c5 bxc5 38. Rc1 Rb7 39. Rc2 Re3 40.
Kg2 Rxe4 41. Kh3 c4 42. Kg2 Rb3 43. Kf1 c3 44. bxc3 Rxa3 45. Kg2 Kg7 46. c4 c5
47. Kg1 Kf6 48. Kf2 Ke5 49. Kf1 Ra4 50. Kg2 Raxc4 51. Rb2 Rc3 52. Rf2 c4 53.
Ra2 Rd3 54. Rc2 c3 55. Rc1 Rd2+ 56. Kf3 g5 57. g4 Kd4 58. Rxc3 Rf4+ 59. Kg3
Kxc3 60. h4 Rdf2 61. hxg5 R4f3+ 62. Kh4 Rh2# {Hossa checkmated} 0-1

[Event "ICS rated bullet match"]
[Site "204.178.125.65"]
[Date "2001.07.09"]
[Round "?"]
[White "Hossa"]
[Black "Answer"]
[Result "1-0"]
[WhiteElo "2533"]
[BlackElo "2535"]
[PlyCount "37"]
[EventDate "2001.??.??"]

1. e4 e5 2. Nf3 d5 3. Nxe5 dxe4 4. Bc4 Qg5 5. d4 Qxg2 6. Rf1 Be6 7. Bxe6 fxe6
8. Qe2 c6 9. Qc4 Qh3 10. Nc3 Nf6 11. Bg5 Be7 12. O-O-O O-O 13. Qb3 b6 14. Nd5
Qxb3 15. Nxe7+ Kh8 16. axb3 Nd5 17. Rde1 g6 18. Bh6 Re8 19. Nf7# {
Answer checkmated} 1-0

[Event "ICS rated standard match"]
[Site "204.178.125.65"]
[Date "2001.07.09"]
[Round "?"]
[White "PostModernist"]
[Black "Hossa"]
[Result "1-0"]
[WhiteElo "2403"]
[BlackElo "2250"]
[PlyCount "219"]
[EventDate "2001.??.??"]

1. e4 Nc6 2. Nf3 e5 3. Bb5 Bc5 4. c3 Nf6 5. d4 exd4 6. e5 Nd5 7. O-O a6 8. Ba4
O-O 9. cxd4 Bb4 10. Qd3 d6 11. Bg5 Nce7 12. a3 Ba5 13. b4 Bb6 14. Bc2 g6 15.
Nc3 Nxc3 16. Qxc3 Be6 17. a4 Nd5 18. Qe1 Qd7 19. a5 Ba7 20. Ba4 c6 21. Bd1 Bg4
22. Qd2 Rfe8 23. Re1 Bb8 24. Bf6 dxe5 25. Nxe5 Bxe5 26. Bxe5 Bxd1 27. Rexd1 Qe7
28. Rab1 f6 29. Bg3 Qe2 30. Qc1 Re4 31. h3 Rae8 32. Kh1 Qh5 33. Qc2 Qf5 34. Kh2
Re2 35. Qxf5 gxf5 36. Rd3 f4 37. Bh4 Kf7 38. Rc1 Rb2 39. Rdd1 Kg6 40. g4 fxg3+
41. Bxg3 Rxb4 42. Rb1 Rb5 43. Ra1 Kf5 44. Ra3 Rb2 45. Rf3+ Ke4 46. Ra3 Rg8 47.
h4 Rg7 48. Kh3 Rc2 49. Ra4 Nc3 50. Re1+ Re2 51. Raa1 Rxe1 52. Rxe1+ Kxd4 53.
Bf4 Kc4 54. h5 Rd7 55. Kg4 Kb4 56. Ra1 Rd5 57. Be3 Rxa5 58. Rxa5 Kxa5 59. Bd2
Kb4 60. Kf5 a5 61. Kxf6 a4 62. Kg7 a3 63. Bc1 a2 64. Bb2 Nd1 65. Ba1 Nxf2 66.
Kxh7 Ng4 67. Kg6 b6 68. Kg5 Ne3 69. h6 Nc2 70. Bb2 Kb3 71. h7 Kxb2 72. h8=Q+
Kc1 73. Qh1+ Kd2 74. Qg2+ Kd3 75. Qf3+ Kd2 76. Qf4+ Kc3 77. Qf6+ Nd4 78. Qf1
Ne6+ 79. Kf6 Nc5 80. Qa1+ Kb3 81. Ke7 Nd3 82. Qd1+ Kc3 83. Qf3 c5 84. Kd7 b5
85. Kc6 b4 86. Qf6+ Kb3 87. Qa1 c4 88. Kd5 c3 89. Ke4 Nc5+ 90. Kd4 Na6 91. Kd5
c2 92. Kc6 Ka3 93. Kb5 Nb8 94. Kc4 Nc6 95. Qc1+ Ka4 96. Qxc2+ Ka5 97. Qxa2+ Kb6
98. Qa4 Kc7 99. Kd5 Ne7+ 100. Kc5 Kd8 101. Qxb4 Ke8 102. Qb7 Ng6 103. Qc7 Kf8
104. Kd5 Kg8 105. Ke6 Nf8+ 106. Kf5 Kh8 107. Qe7 Kg8 108. Kg5 Kh8 109. Kh6 Kg8
110. Qg7# {Hossa checkmated} 1-0

[Event "ICS rated blitz match"]
[Site "204.178.125.65"]
[Date "2001.07.09"]
[Round "?"]
[White "TacticalFish"]
[Black "Hossa"]
[Result "0-1"]
[WhiteElo "2030"]
[BlackElo "2612"]
[PlyCount "126"]
[EventDate "2001.??.??"]

1. d4 f5 2. c4 e6 3. Nc3 Nf6 4. g3 d5 5. Bg2 dxc4 6. Qa4+ Nbd7 7. Qxc4 Nb6 8.
Qd3 Bd6 9. Nh3 O-O 10. Bf4 c5 11. Bxd6 Qxd6 12. O-O-O cxd4 13. Qxd4 Qxd4 14.
Rxd4 e5 15. Rdd1 Ne4 16. Nxe4 fxe4 17. Rhf1 Bg4 18. Rde1 Rac8+ 19. Kb1 Nc4 20.
Ka1 Nd2 21. Rg1 Rc2 22. Ng5 Rxf2 23. Bxe4 Nxe4 24. Nxe4 Rxh2 25. Nd6 b6 26. Rc1
Rd2 27. Rgd1 Rdxe2 28. Re1 Rxb2 29. Rc7 Rbd2 30. Ne4 Rxa2+ 31. Kb1 Bf5 32. Re7
Rae2 33. Rxe2 Rxe2 34. Rxe5 Bxe4+ 35. Kc1 Bf3 36. Rxe2 Bxe2 37. Kd2 Bf1 38. Ke3
a5 39. Kd2 h5 40. Kc3 g5 41. Kd2 h4 42. gxh4 gxh4 43. Ke3 h3 44. Kf2 b5 45.
Kxf1 h2 46. Kf2 h1=B 47. Ke3 Kf7 48. Kd2 Ke6 49. Kd3 Be4+ 50. Kxe4 a4 51. Kd3
b4 52. Kc2 a3 53. Kb3 Kd5 54. Ka2 Kc4 55. Kb1 b3 56. Kc1 b2+ 57. Kd2 a2 58. Ke3
Kd5 59. Kf4 a1=R 60. Ke3 Rf1 61. Ke2 b1=Q 62. Ke3 Kc4 63. Ke2 Qe1# {
TacticalFish checkmated} 0-1

[Event "ICS rated blitz match"]
[Site "204.178.125.65"]
[Date "2001.07.09"]
[Round "?"]
[White "Hossa"]
[Black "TacticalFish"]
[Result "1-0"]
[WhiteElo "2613"]
[BlackElo "2029"]
[PlyCount "46"]
[EventDate "2001.??.??"]

1. e4 Nf6 2. e5 Nd5 3. Nc3 Nxc3 4. bxc3 g6 5. d4 Bg7 6. Nf3 c5 7. Bc4 O-O 8.
O-O d6 9. exd6 exd6 10. Bg5 Qb6 11. Re1 cxd4 12. cxd4 Bg4 13. Be7 Bxf3 14. Qxf3
Nc6 15. Bxf8 Rxf8 16. c3 h6 17. Bd5 Kh7 18. Re3 Qb2 19. Rae1 Nd8 20. Qg3 Qb6
21. Qf4 Ne6 22. Qe4 Ng5 23. Qe7 Qb1 {TacticalFish resigns} 1-0

[Event "ICS rated blitz match"]
[Site "204.178.125.65"]
[Date "2001.07.09"]
[Round "?"]
[White "QueenMaxima"]
[Black "Hossa"]
[Result "0-1"]
[WhiteElo "2618"]
[BlackElo "2614"]
[PlyCount "162"]
[EventDate "2001.??.??"]

1. d4 c5 2. e3 cxd4 3. Qxd4 Nf6 4. Bd2 Nc6 5. Qa4 d5 6. Nc3 e5 7. Nf3 Bd6 8.
Bb5 Bd7 9. Qb3 a6 10. Bxc6 bxc6 11. Qb7 Qb8 12. Qb3 Qxb3 13. axb3 Bf5 14. Rc1
Bg4 15. h3 Bxf3 16. gxf3 Kd7 17. Rg1 g6 18. Ra1 Ke6 19. Ra4 Nd7 20. Kf1 f5 21.
Ne2 Rhg8 22. Bc3 g5 23. b4 Nb6 24. Ra1 Bc7 25. Nc1 Nd7 26. Nd3 Bd6 27. Ra5 Nf6
28. Ke2 Ra7 29. Nc5+ Bxc5 30. Rxc5 Kd6 31. Ra1 Nh5 32. Rca5 Rga8 33. Rg1 h6 34.
Rga1 f4 35. e4 Nf6 36. Kd3 Nd7 37. b3 Nf6 38. Re1 Re8 39. Bb2 d4 40. Rea1 Rea8
41. Bxd4 exd4 42. e5+ Ke7 43. exf6+ Kxf6 44. Rc5 Rc8 45. b5 a5 46. bxc6 Rac7
47. Kxd4 Rxc6 48. Raxa5 Rd6+ 49. Kc3 Rb8 50. h4 gxh4 51. Rc4 h3 52. Rxf4+ Kg6
53. Kb2 Rc8 54. Rg4+ Kf7 55. Ra7+ Kf6 56. Rf4+ Kg5 57. Raf7 Kg6 58. Rb7 Rd2 59.
Rb6+ Kh7 60. Rc4 Rxc4 61. Rb7+ Kg8 62. Rb8+ Kg7 63. bxc4 h2 64. Rb7+ Kf8 65.
Kc3 Rd1 66. Rb8+ Ke7 67. Rb7+ Kd8 68. Rb8+ Kc7 69. Re8 h1=Q 70. Re3 Rf1 71. f4
Rxf2 72. Re8 Qa1+ 73. Kb4 Qb2+ 74. Ka4 Qxc2+ 75. Kb4 Qb1+ 76. Kc5 Qb6+ 77. Kd5
Qd6+ 78. Ke4 Qxf4+ 79. Kd3 Qd2+ 80. Ke4 Rf4+ 81. Ke5 Qd6# {
QueenMaxima checkmated} 0-1

[Event "ICS rated blitz match"]
[Site "204.178.125.65"]
[Date "2001.07.09"]
[Round "?"]
[White "Hossa"]
[Black "PostModernist"]
[Result "0-1"]
[WhiteElo "2630"]
[BlackElo "2659"]
[PlyCount "130"]
[EventDate "2001.??.??"]

1. e4 c5 2. Nf3 Nc6 3. d4 cxd4 4. Nxd4 Nf6 5. Nc3 d6 6. Bb5 Bd7 7. O-O e6 8.
Nb3 h6 9. Bf4 e5 10. Bg3 Be7 11. Qd2 O-O 12. Bh4 Nxe4 13. Nxe4 Bxh4 14. Nxd6
Qb6 15. Bxc6 Bxc6 16. c4 Rfd8 17. c5 Qc7 18. Qe3 Bf6 19. Rad1 b6 20. Rd3 Bg5
21. Qxe5 Bb5 22. cxb6 Qxb6 23. Nxb5 Rxd3 24. Nc3 Rad8 25. Qe4 Bf6 26. Qc4 Bxc3
27. bxc3 Rd1 28. g3 Rxf1+ 29. Qxf1 Qc6 30. Qe1 Rc8 31. Qe3 Qxc3 32. Qxa7 Qe1+
33. Kg2 Qe4+ 34. Kh3 Ra8 35. Qe3 Qxe3 36. fxe3 Rxa2 37. Nd4 g6 38. Nc6 Re2 39.
Kg4 f5+ 40. Kf4 Rxh2 41. Nd4 Rg2 42. Kf3 Rd2 43. Nb3 Rd1 44. Nd4 Kf7 45. Ke2
Rc1 46. Kf3 Kf6 47. Nb3 Rc3 48. Nd4 g5 49. Ke2 Ke5 50. Kd2 Ra3 51. Nc2 Ra2 52.
Kd3 Rxc2 53. Kxc2 Ke4 54. Kd2 h5 55. Ke2 h4 56. g4 f4 57. Kd2 fxe3+ 58. Kc3 e2
59. Kc4 e1=Q 60. Kc5 Qb4+ 61. Kc6 Qd6+ 62. Kb7 Kd5 63. Kc8 Qe7 64. Kb8 Kc6 65.
Kc8 Qc7# {Hossa checkmated} 0-1

[Event "ICS Rated standard match"]
[Site "204.178.125.65"]
[Date "2001.07.09"]
[Round "?"]
[White "Hossa"]
[Black "brownmoon"]
[Result "1-0"]
[WhiteElo "2241"]
[BlackElo "2200"]
[PlyCount "87"]
[EventDate "2001.??.??"]

1. d4 Nf6 2. Bg5 Ne4 3. h4 Nxg5 4. hxg5 e6 5. Nf3 c5 6. d5 d6 7. Nc3 e5 8. Qd3
g6 9. e3 Bf5 10. Qb5+ Qd7 11. e4 Bg4 12. Nh2 a6 13. Qb6 Bh5 14. Nb5 Be7 15.
Nc7+ Kf8 16. Nxa8 Bxg5 17. Bd3 Bd8 18. Qa7 Qc8 19. g4 Nd7 20. O-O-O Kg7 21.
gxh5 Bg5+ 22. Kb1 Qxa8 23. Qxa8 Rxa8 24. Rdg1 Bf4 25. Ng4 b5 26. c4 bxc4 27.
Bxc4 Nb6 28. Be2 Na4 29. h6+ Kh8 30. Kc2 c4 31. Bxc4 Rc8 32. b3 Nc5 33. Nf6 a5
34. Rh4 g5 35. Rhg4 a4 36. R4g2 axb3+ 37. axb3 Ra8 38. b4 Nb7 39. Bb5 Ra3 40.
Bd7 Ra2+ 41. Kb3 Re2 42. Ra1 Nd8 43. Ra8 Bc1 44. Rxd8# {brownmoon checkmated}
1-0

[Event "ICS Rated standard match"]
[Site "204.178.125.65"]
[Date "2001.07.09"]
[Round "?"]
[White "brownmoon"]
[Black "Hossa"]
[Result "0-1"]
[WhiteElo "2024"]
[BlackElo "2242"]
[PlyCount "64"]
[EventDate "2001.??.??"]

1. e4 e5 2. Nf3 Nf6 3. d4 exd4 4. e5 Ne4 5. Qxd4 d5 6. exd6 Nxd6 7. Nc3 Nc6 8.
Qf4 g6 9. Be3 Bg7 10. O-O-O Bxc3 11. bxc3 Be6 12. Nd4 Bxa2 13. Bb5 O-O 14. h4
Nxd4 15. Bxd4 Nxb5 16. Bf6 Nxc3 17. Bxc3 Qe7 18. Rhe1 Qa3+ 19. Bb2 Qa6 20. Qh6
f6 21. Rd7 Rf7 22. Rd3 Bc4 23. Rde3 Qc6 24. g4 Rd8 25. g5 Bd3 26. Rxd3 Rxd3 27.
h5 Re7 28. Rg1 Re2 29. Qxh7+ Kxh7 30. hxg6+ Kg8 31. Kb1 Qxc2+ 32. Ka1 Qxb2# {
brownmoon checkmated} 0-1

[Event "ICS rated blitz match"]
[Site "204.178.125.65"]
[Date "2001.07.09"]
[Round "?"]
[White "pcKelig"]
[Black "Hossa"]
[Result "0-1"]
[WhiteElo "2082"]
[BlackElo "2615"]
[PlyCount "72"]
[EventDate "2001.??.??"]

1. d4 f5 2. Nc3 e6 3. e4 d5 4. exd5 exd5 5. Bf4 Nf6 6. Bd3 Be7 7. Nf3 O-O 8.
O-O c6 9. Be5 Ne4 10. Re1 Bb4 11. Bxe4 fxe4 12. Nd2 Qg5 13. Nf1 Bg4 14. Qd2
Qxd2 15. Nxd2 Nd7 16. Bg3 c5 17. a3 Bxc3 18. bxc3 Rac8 19. Rac1 b5 20. Nf1 Rf6
21. Ne3 Be6 22. Rb1 a6 23. h3 Nb6 24. Be5 Rf7 25. dxc5 Nd7 26. Bd4 Nxc5 27.
Red1 Na4 28. Be5 Nxc3 29. Bxc3 Rxc3 30. Nxd5 Rxc2 31. Nb4 Rcxf2 32. Rd8+ Rf8
33. Rxf8+ Rxf8 34. Nxa6 Bc4 35. Nc5 e3 36. Re1 e2 {pcKelig resigns} 0-1

[Event "ICS rated blitz match"]
[Site "204.178.125.65"]
[Date "2001.07.09"]
[Round "?"]
[White "Hossa"]
[Black "ChesterX"]
[Result "0-1"]
[WhiteElo "2616"]
[BlackElo "2811"]
[PlyCount "118"]
[EventDate "2001.??.??"]

1. d4 Nf6 2. c4 e6 3. Nc3 Bb4 4. Qc2 O-O 5. a3 Bxc3+ 6. Qxc3 b6 7. Nf3 Bb7 8.
Bg5 d6 9. Nd2 Nbd7 10. f3 h6 11. Bh4 c5 12. g4 cxd4 13. Qxd4 d5 14. cxd5 e5 15.
Qf2 g5 16. Bg3 Nxd5 17. h4 Rc8 18. Ne4 gxh4 19. Bxh4 Qc7 20. Rd1 Qc2 21. g5
Qxb2 22. Qg3 Kh8 23. g6 Rc1 24. g7+ Kg8 25. gxf8=B+ Kxf8 26. Bd8 Rxd1+ 27. Kxd1
Qa1+ 28. Kd2 Ne3 29. Be7+ Kxe7 30. Qh4+ f6 31. Ng3 Qxa3 32. Bh3 Nc5 33. Nf5+
Nxf5 34. Bxf5 Nb3+ 35. Ke1 Nd4 36. Bd3 Nxf3+ 37. exf3 Qxd3 38. Qg4 Qb1+ 39. Kd2
Qxh1 40. Qg7+ Ke6 41. Qxb7 Qh2+ 42. Kd3 Qf4 43. Qc8+ Kf7 44. Ke2 Qa4 45. Qc1 h5
46. Qb2 Qc4+ 47. Ke1 Qh4+ 48. Qf2 Qxf2+ 49. Kxf2 a5 50. Ke3 a4 51. Kd3 h4 52.
Kc3 h3 53. Kd2 h2 54. Kc3 h1=Q 55. Kd2 Qxf3 56. Kc2 a3 57. Kd2 a2 58. Kc2 a1=Q
59. Kd2 Qac3# {Hossa checkmated} 0-1

[Event "ICS rated standard match"]
[Site "204.178.125.65"]
[Date "2001.07.09"]
[Round "?"]
[White "ChesterX"]
[Black "Hossa"]
[Result "1/2-1/2"]
[WhiteElo "2637"]
[BlackElo "2243"]
[PlyCount "110"]
[EventDate "2001.??.??"]

1. b3 e5 2. Bb2 Nc6 3. c4 Nf6 4. e3 Be7 5. a3 O-O 6. d3 d6 7. Nf3 Kh8 8. Be2 e4
9. dxe4 Nxe4 10. Nbd2 Bf5 11. Nxe4 Bxe4 12. O-O Bf6 13. Bxf6 Qxf6 14. Nd2 Rae8
15. Nxe4 Rxe4 16. Bf3 Rh4 17. g3 Rh6 18. Bxc6 bxc6 19. Qg4 Qe6 20. Qxe6 fxe6
21. f4 Kg8 22. h4 Rb8 23. b4 Rh5 24. Kg2 c5 25. Rfb1 cxb4 26. axb4 Rb7 27. e4
e5 28. f5 Rh6 29. b5 Rf6 30. g4 Rf8 31. Kf3 Ra8 32. Ra6 h6 33. g5 h5 34. Ke3
Rb6 35. Rba1 Rb7 36. Rf1 Rb6 37. Ra5 c6 38. f6 cxb5 39. f7+ Kf8 40. cxb5 Rab8
41. Rxa7 Rxb5 42. g6 Rb3+ 43. Kd2 Rg3 44. Rb1 Rc8 45. Rc7 Ra8 46. Ra1 Rb8 47.
Rb7 Rc8 48. Rc1 Ra8 49. Ra7 Rb8 50. Rb1 Rc8 51. Rc1 Rb8 52. Rb7 Ra8 53. Ra1 Rc8
54. Rc1 Ra8 55. Ra7 Rb8 {Game drawn by repetition} 1/2-1/2

[Event "ICS Rated standard match"]
[Site "204.178.125.65"]
[Date "2001.07.09"]
[Round "?"]
[White "Hossa"]
[Black "ChesterX"]
[Result "0-1"]
[WhiteElo "2256"]
[BlackElo "2624"]
[PlyCount "62"]
[EventDate "2001.??.??"]

1. d4 d5 2. c4 c6 3. Nc3 Nf6 4. Nf3 a6 5. cxd5 cxd5 6. g3 e6 7. Bg2 Nc6 8. Bf4
Qb6 9. O-O Bd7 10. Qd2 Be7 11. Rac1 O-O 12. Bh3 Bb4 13. Qd3 Bxc3 14. bxc3 Na5
15. Ne5 Bb5 16. Qf3 Ne4 17. Rb1 Qd8 18. Rfc1 g5 19. Be3 Rc8 20. Rb2 Qe7 21. c4
Nxc4 22. Nxc4 Bxc4 23. Qh5 Bb5 24. Rxc8 Rxc8 25. Bg2 Nc3 26. Bf3 Nd1 27. Rb1
Nxe3 28. fxe3 Rc2 29. Re1 Rxa2 30. Rc1 Bc4 31. e4 f6 {Hossa resigns} 0-1

[Event "ICS rated blitz match"]
[Site "204.178.125.65"]
[Date "2001.07.09"]
[Round "?"]
[White "Hossa"]
[Black "ChesterX"]
[Result "0-1"]
[WhiteElo "2609"]
[BlackElo "2829"]
[PlyCount "92"]
[EventDate "2001.??.??"]

1. e4 d6 2. d4 Nf6 3. Nc3 g6 4. Be3 c6 5. Bd3 Bg7 6. Nge2 O-O 7. f3 e5 8. dxe5
dxe5 9. Qd2 Qe7 10. O-O-O Rd8 11. Bh6 c5 12. Qg5 Bxh6 13. Qxh6 Be6 14. Bb5
Rxd1+ 15. Rxd1 a6 16. Bd3 c4 17. Nd5 Bxd5 18. exd5 cxd3 19. Rxd3 Nbd7 20. d6
Qe6 21. Kb1 Nb6 22. h4 Rd8 23. h5 Nxh5 24. g4 Nf6 25. Nc1 Rxd6 26. Rc3 Nc4 27.
Ka1 Rd1 28. b3 Nd2 29. Kb2 e4 30. Qf4 Nd5 31. Qb8+ Kg7 32. Rc8 Qf6+ 33. c3 Nxf3
34. b4 Rd2+ 35. Kb3 Nd4+ 36. Ka3 Nb5+ 37. Kb3 Qf1 38. Rg8+ Kh6 39. Qf8+ Kg5 40.
Qd8+ Kxg4 41. Rxg6+ hxg6 42. Qxd5 Qd1+ 43. Kc4 Rxd5 44. Nd3 Qxd3+ 45. Kb3 Qxc3+
46. Ka4 Qa3# {Hossa checkmated} 0-1

[Event "ICS Rated standard match"]
[Site "204.178.125.65"]
[Date "2001.07.09"]
[Round "?"]
[White "Hossa"]
[Black "QueenK"]
[Result "1-0"]
[WhiteElo "2253"]
[BlackElo "2039"]
[PlyCount "48"]
[EventDate "2001.??.??"]

1. d4 d5 2. Nf3 Nf6 3. c4 e6 4. Nc3 Be7 5. Qc2 O-O 6. Bg5 Nbd7 7. e3 b6 8. cxd5
exd5 9. Bd3 Bb7 10. O-O-O c5 11. Bf5 Ne4 12. Nxe4 dxe4 13. dxc5 Bxg5 14. Rxd7
Qf6 15. Bxh7+ Kh8 16. Nxg5 Qxg5 17. Rxb7 Kxh7 18. Qxe4+ f5 19. Qf3 bxc5 20. Rd1
Rfe8 21. Qh3+ Kg8 22. Rdd7 a6 23. Rxg7+ Qxg7 24. Rxg7+ Kxg7 {QueenK resigns}
1-0

[Event "ICS rated blitz match"]
[Site "204.178.125.65"]
[Date "2001.07.09"]
[Round "?"]
[White "Hossa"]
[Black "ChesterX"]
[Result "0-1"]
[WhiteElo "2602"]
[BlackElo "2811"]
[PlyCount "106"]
[EventDate "2001.??.??"]

1. d4 f5 2. e4 fxe4 3. Nc3 Nf6 4. Bg5 Nc6 5. d5 Ne5 6. Qd4 Nf7 7. Bf4 c6 8.
O-O-O cxd5 9. Nb5 d6 10. Qc3 Kd7 11. Nxa7 e5 12. Be3 d4 13. Bxd4 exd4 14. Qxd4
d5 15. Bb5+ Kc7 16. a3 Kb8 17. Nxc8 Qxc8 18. Qe3 Bc5 19. Qg3+ Bd6 20. Qb3 Qc5
21. Nh3 Ra5 22. Be2 Rc8 23. Kb1 Qc7 24. c3 g5 25. g3 h5 26. Rhe1 g4 27. Nf4
Bxf4 28. gxf4 Qxf4 29. Qb6 Rac5 30. Ba6 Nd6 31. Bf1 Qxh2 32. Re2 h4 33. f3 Qf4
34. fxg4 Nc4 35. Qb4 e3 36. Ree1 Nxg4 37. Ka1 Nf2 38. Rb1 Qf6 39. Rbc1 h3 40.
Be2 h2 41. a4 Nd2 42. Ka2 d4 43. Bb5 Qe6+ 44. b3 Rxc3 45. Rxc3 Rxc3 46. Be2
Nxb3 47. Qf8+ Ka7 48. Kb2 Nc1 49. Qc5+ Rxc5 50. Rxc1 Rxc1 51. Kxc1 Qb3 52. Bf1
h1=Q 53. a5 Qxf1# {Hossa checkmated} 0-1

[Event "ICS rated blitz match"]
[Site "204.178.125.65"]
[Date "2001.07.09"]
[Round "?"]
[White "ChesterX"]
[Black "Hossa"]
[Result "0-1"]
[WhiteElo "2818"]
[BlackElo "2595"]
[PlyCount "174"]
[EventDate "2001.??.??"]

1. d4 f5 2. Nf3 e6 3. g3 Nf6 4. Bg2 d6 5. O-O Be7 6. c4 O-O 7. Nc3 Na6 8. d5 e5
9. Be3 Kh8 10. Qc2 Nh5 11. Bd2 f4 12. e4 fxg3 13. fxg3 Nf6 14. Kh1 Nb4 15. Qb3
Na6 16. Ng5 c6 17. Be3 Nc5 18. Bxc5 dxc5 19. Rf2 cxd5 20. cxd5 Qe8 21. Nb5 Qh5
22. Nc7 Rb8 23. h4 Bd7 24. Nce6 Ng4 25. Rxf8+ Bxf8 26. Rf1 Be7 27. Nf7+ Kg8 28.
Rf5 Qxf7 29. Rxf7 Kxf7 30. Qf3+ Nf6 31. Ng5+ Ke8 32. Nxh7 Rc8 33. Ng5 Bd6 34.
Qb3 b6 35. Qa3 a5 36. Qb3 b5 37. Qc3 Ra8 38. Qf3 Ke7 39. Kg1 Rf8 40. Qc3 b4 41.
Qc4 a4 42. Qa6 Ne8 43. b3 Nc7 44. Qe2 axb3 45. axb3 Be8 46. Qg4 Bd7 47. Qh5 c4
48. bxc4 b3 49. Qe2 Bc5+ 50. Kh2 Rf2 51. Qd3 b2 52. Qb1 Bg4 53. Kh1 Be3 54. Bh3
Be2 55. c5 Bxc5 56. Bg2 Bd4 57. Nh3 Nb5 58. Nxf2 Na3 59. Qxb2 Bxb2 60. Nh3 Nc2
61. Ng5 Nd4 62. Kg1 Bc1 63. Kf2 Bxg5 64. hxg5 Bg4 65. Bf1 Kf7 66. Ke3 Kg6 67.
Bd3 Kxg5 68. Kf2 Bd7 69. Ba6 Kg4 70. Bb7 Nb5 71. Ba6 g5 72. Kg2 Nc3 73. Bd3 Ba4
74. Kf2 Kh3 75. Bf1+ Kh2 76. Kf3 g4+ 77. Kxg4 Nxe4 78. Ba6 Nd6 79. Kg5 Kxg3 80.
Kf6 Kf4 81. Bf1 Bb3 82. Ke6 Ne4 83. Ke7 Bxd5 84. Ba6 Nc3 85. Kd6 e4 86. Kc5 Ke5
87. Kb4 Kd4 {ChesterX resigns} 0-1

[Event "ICS Rated blitz match"]
[Site "204.178.125.65"]
[Date "2001.07.09"]
[Round "?"]
[White "Hossa"]
[Black "PostModernist"]
[Result "0-1"]
[WhiteElo "2620"]
[BlackElo "2688"]
[PlyCount "101"]
[EventDate "2001.??.??"]

1. e4 e5 2. Bc4 f5 3. d3 Nf6 4. f4 Nc6 5. Nf3 fxe4 6. Nxe5 d5 7. Bb5 Bd7 8.
dxe4 dxe4 9. Bxc6 Bxc6 10. Qe2 Qd5 11. c4 Qe6 12. O-O O-O-O 13. Nc3 Bb4 14. Be3
Bxc3 15. bxc3 a6 16. Bd4 Rhf8 17. Rab1 g6 18. Bc5 Rg8 19. Nxc6 Qxc6 20. Be7
Rde8 21. Bxf6 Qxf6 22. Qe3 Kb8 23. Rb2 Re7 24. Rfb1 c6 25. Qb6 Ka8 26. Qb4 Rf7
27. Rf1 e3 28. Re2 Re8 29. a4 Qf5 30. Qb6 Qd3 31. Ree1 Qxc3 32. Rc1 Qa3 33. Ra1
Qd3 34. Rad1 Qxc4 35. Rd4 Qe2 36. Qb3 Rc7 37. Qb6 Kb8 38. g3 c5 39. Rdd1 Qc4
40. Rfe1 Qxa4 41. Rb1 e2 42. h3 Qd4+ 43. Kg2 Re3 44. Qxa6 Qe4+ 45. Kh2 Qf3 46.
Rxb7+ Rxb7 47. Qd6+ Rc7 48. Qd8+ Kb7 49. Rb1+ Rb3 50. Rxb3+ Qxb3 51. Qd2 {
Hossa resigns} 0-1

[Event "ICS rated standard match"]
[Site "204.178.125.65"]
[Date "2001.07.09"]
[Round "?"]
[White "PostModernist"]
[Black "Hossa"]
[Result "1-0"]
[WhiteElo "2412"]
[BlackElo "2260"]
[PlyCount "93"]
[EventDate "2001.??.??"]

1. e4 e5 2. Bc4 Nf6 3. Nc3 Nxe4 4. Qh5 Nd6 5. Bb3 Nc6 6. Nb5 g6 7. Qf3 Nf5 8.
g4 Nh6 9. g5 Bc5 10. gxh6 O-O 11. Ne2 Be7 12. d3 Na5 13. Be3 Nxb3 14. axb3 a5
15. Nbc3 c6 16. Na4 d5 17. Bb6 Qd7 18. Qe3 Re8 19. Bc5 Bxc5 20. Qxc5 Ra6 21. h4
Qe7 22. Qxe7 Rxe7 23. h5 g5 24. Rg1 f6 25. Kd2 b6 26. d4 e4 27. c4 Kf7 28. c5
b5 29. Nb6 Be6 30. Rg3 Rea7 31. Rf1 g4 32. Ra1 Bf5 33. Rgg1 Rb7 34. Nf4 Rb8 35.
Ra2 Rb7 36. Rga1 Rba7 37. Ng2 Be6 38. Ne3 f5 39. Nc2 Rc7 40. Nb4 Raa7 41. Rxa5
Rxa5 42. Rxa5 f4 43. Na8 Rc8 44. Ra7+ Kf6 45. Nc7 Bf7 46. Nxc6 g3 47. fxg3 {
Hossa resigns} 1-0

[Event "ICS unrated blitz match"]
[Site "204.178.125.65"]
[Date "2001.07.09"]
[Round "?"]
[White "Panthee"]
[Black "Hossa"]
[Result "1/2-1/2"]
[WhiteElo "2200"]
[BlackElo "2607"]
[PlyCount "102"]
[EventDate "2001.??.??"]

1. e4 e5 2. Nf3 Nf6 3. d4 exd4 4. e5 Ne4 5. Qxd4 d5 6. exd6 Nxd6 7. Nc3 Nc6 8.
Qf4 Nf5 9. Bb5 Bd6 10. Qe4+ Nfe7 11. Bg5 f6 12. Bh4 Bf5 13. Qe2 Qd7 14. O-O-O
O-O-O 15. Bg3 Qe6 16. Qxe6+ Bxe6 17. Bxd6 Rxd6 18. Rxd6 cxd6 19. h3 Re8 20. Re1
Kd7 21. Nd4 Bf7 22. f4 a6 23. Nxc6 Nxc6 24. Rxe8 Kxe8 25. Bd3 h5 26. Be4 Kd7
27. h4 b6 28. Kd2 Ne7 29. Ke3 Bg6 30. Bxg6 Nxg6 31. g3 Ne7 32. Ke4 Ke6 33. Ne2
d5+ 34. Kf3 Nf5 35. c3 g6 36. Nd4+ Nxd4+ 37. cxd4 b5 38. g4 f5 39. gxh5 gxh5
40. Ke3 a5 41. Kd3 Ke7 42. Kc3 Ke8 43. Kc2 Kf7 44. Kb1 Kf6 45. Ka1 Ke7 46. Kb1
Kd6 47. Kc2 Kc7 48. Kb3 Kd7 49. Ka3 Ke6 50. Kb3 Kf7 51. Kc3 Ke7 {
Game drawn by mutual agreement} 1/2-1/2

[Event "ICS unrated blitz match"]
[Site "204.178.125.65"]
[Date "2001.07.10"]
[Round "?"]
[White "Panthee"]
[Black "Hossa"]
[Result "0-1"]
[WhiteElo "2200"]
[BlackElo "2607"]
[PlyCount "62"]
[EventDate "2001.??.??"]

1. e4 e5 2. Nf3 Nf6 3. d4 exd4 4. e5 Ne4 5. Qxd4 d5 6. exd6 Nxd6 7. Nc3 Nc6 8.
Bb5 Nxb5 9. Qxd8+ Kxd8 10. Nxb5 Bg4 11. Bf4 Bxf3 12. gxf3 Bb4+ 13. c3 Re8+ 14.
Kd2 Ba5 15. Rhe1 Rxe1 16. Rxe1 a6 17. Na3 b5 18. Nc2 Kd7 19. Re4 Rg8 20. Ne3
Ne7 21. Rd4+ Kc6 22. Kc2 Bb6 23. Re4 Kd7 24. Bg3 Re8 25. b3 h6 26. c4 c6 27.
Bh4 g5 28. Bg3 f5 29. Rxe7+ Rxe7 30. Nxf5 Re2+ 31. Kc3 h5 {Panthee resigns} 0-1

[Event "ICS unrated blitz match"]
[Site "204.178.125.65"]
[Date "2001.07.10"]
[Round "?"]
[White "Hossa"]
[Black "Panthee"]
[Result "1-0"]
[WhiteElo "2607"]
[BlackElo "2200"]
[PlyCount "83"]
[EventDate "2001.??.??"]

1. e4 c5 2. Bc4 e6 3. Nf3 Nc6 4. Nc3 Nf6 5. Qe2 d6 6. O-O a6 7. d3 Qc7 8. Bf4
Ne5 9. Nxe5 dxe5 10. Bg5 b5 11. Bb3 Bb7 12. f4 Be7 13. f5 exf5 14. Rxf5 O-O-O
15. Bxf7 h6 16. Be6+ Kb8 17. Be3 Rd6 18. Bb3 Rdd8 19. a4 b4 20. Nd1 a5 21. Nf2
Bc8 22. Rf3 Ng4 23. Bd2 Nxf2 24. Rxf2 Rhf8 25. Be3 Rf6 26. Rxf6 Bxf6 27. Rc1
Ba6 28. Bd5 Bb7 29. Bc4 Bc6 30. c3 Be8 31. cxb4 cxb4 32. Bb5 Qb7 33. Rc5 Rc8
34. Bxe8 Rxc5 35. Bxc5 Qc8 36. d4 Qxe8 37. Qa6 Be7 38. Ba7+ Kc7 39. Qb6+ Kc8
40. Qb8+ Kd7 41. Qb5+ Kd8 42. Bb6+ {Panthee resigns} 1-0